Organisace mezd v polygrafickém průmyslu /

Hlavní autor: Pop, Karel
Jazyk: Čeština
Vydáno: Praha : Práce, 1958
Vydání: 1. vyd.
Fyzický popis: 158 s.
Knihy
Uloženo v:
LEADER 00630nam a22002292a 4500
001 001413329
003 CZ BrMZK
005 20140819150352.0
007 ta
008 140819s1958 xr er|||||||||||cze d
015 |a cnb000513359 
035 |a (OCoLC)85321969 
040 |a BOA001  |b cze 
100 1 |a Pop, Karel  |4 aut 
245 1 0 |a Organisace mezd v polygrafickém průmyslu /  |c Karel Pop 
250 |a 1. vyd. 
260 |a Praha :  |b Práce,  |c 1958 
300 |a 158 s. 
910 |a BOA001  |b 2-0410.055 
990 |a BK 
991 |b 201408 
996 6 |b 2619126982  |c 2-0410.055  |l MZK  |r Sklad / do 24 hodin  |n 0  |w 001448494  |u 000010  |a 1  |e BOA001  |j MZK50  |s P